[Event "AUTO-ADV-3896"]
[Site "http://www.queenalice.com/game.php?id=1518981"]
[Date "2018.3.9"]
[Round "2"]
[White "sia"]
[Black "yclaudiu35"]
[Result "1-0"]
[WhiteElo "2076"]
[BlackElo "2021"]

1. e4 e5 2. d3 Nc6 3. Nf3 h6 4. Be2 Bc5 5. Nc3 a6 6. Be3 Bxe3 7. fxe3 d6 8. O-O
Bg4 9. d4 Nf6 10. dxe5 Nxe5 11. Nxe5 Bxe2 12. Nxf7 Bxd1 13. Nxd8 Bxc2 14. Ne6
Kd7 15. Nxg7 Nxe4 16. Rf7+ Kc8 17. Ne6 c6 18. Rc1 Bd3 19. Na4 Kb8 20. Nb6 Ra7
21. Rd1 Be2 22. Re1 Bg4 23. Rf8+ Rxf8 24. Nxf8 Kc7 25. Nc4 Ra8 26. Ng6 Be6 27.
b3 Bxc4 28. bxc4 Re8 29. Nf4 Nd2 30. Rc1 Rxe3 31. Kf2 Re4 32. g3 Nxc4 33. Kf3 d5
34. Kg4 b5 35. Kh5 Re5+ 36. Kxh6 d4 37. g4 Re4 38. Kg5 Kd6 39. h4 c5 40. h5 Ne5
41. Kf5 Re3 42. h6 Nf7 43. h7 Re8 44. Kf6 Nh8 45. Kg7 c4 46. g5 d3 47. Rd1 Kc5
48. g6 Kb4 49. Nd5+ Ka3 50. Nc7 Rc8 51. Ne6 Kxa2 52. Nf8 b4 53. Kxh8 Rxf8+ 54.
Kg7 Rd8 55. h8=Q Rxh8 56. Kxh8 Kb2 57. g7 Kc2 58. Rh1 c3 59. g8=Q b3 60. Qg2+ d2
61. Qg6+ Kb2 62. Qb1+ Ka3 63. Qa1+ 1-0

[Event "AUTO-ADV-3896"]
[Site "http://www.queenalice.com/game.php?id=1518982"]
[Date "2018.3.9"]
[Round "2"]
[White "yclaudiu35"]
[Black "sia"]
[Result "1-0"]
[WhiteElo "2007"]
[BlackElo "2035"]

1. e4 e5 2. Nf3 d6 3. Bc4 Be6 4. Qe2 Nf6 5. Nc3 Be7 6. d4 exd4 7. Nxd4 Bxc4 8.
Qxc4 O-O 9. O-O a6 10. a3 b5 11. Qe2 c5 12. Nf5 Nc6 13. Nd5 Nxd5 14. exd5 Nd4
15. Nxd4 cxd4 16. Re1 Bf6 17. Qf3 Re8 18. Bf4 Qb6 19. Red1 Re7 20. Rd3 Rc8 21.
Rc1 Rce8 22. h3 Qc5 23. Kf1 Be5 24. Bd2 Qc4 25. b3 Qc5 26. Bb4 Qb6 27. c4 bxc4
28. bxc4 Rc7 29. Qd1 Rce7 30. Qc2 Bf4 31. c5 Qb5 32. Rb1 Rb8 33. Kg1 a5 34. cxd6
Rd7 35. Rdb3 Qxd5 36. Bc5 Rxb3 37. Rxb3 Bxd6 38. Bxd6 Qxd6 39. a4 h6 40. Rb5 d3
41. Qd2 Re7 42. Rxa5 Re2 43. Qd1 Qb4 44. Ra8+ Kh7 45. Qxd3+ Qe4 46. Qxe4+ Rxe4
47. a5 Ra4 48. a6 Kg6 49. a7 Kf6 50. g4 Ke7 51. Kg2 Kd7 52. Kg3 g6 53. Kh4 f5
54. Rg8 g5+ 55. Kh5 fxg4 56. hxg4 Ke6 57. a8=Q Rxa8 58. Rxa8 Ke5 59. Kxh6 Kf4
60. Kh5 Kf3 61. Rf8+ Ke4 62. Kxg5 Ke5 63. f4+ Ke6 64. f5+ Ke7 65. Rh8 1-0

[Event "AUTO-ADV-3896"]
[Site "http://www.queenalice.com/game.php?id=1518985"]
[Date "2018.3.9"]
[Round "2"]
[White "Santista38"]
[Black "yclaudiu35"]
[Result "1-0"]
[WhiteElo "1928"]
[BlackElo "1995"]

1. d4 d5 2. Bf4 Nc6 3. Nc3 Nf6 4. Nb5 e5 5. Bxe5 Nxe5 6. dxe5 Ng4 7. Nf3 Bc5 8.
e3 c6 9. h3 Nxf2 10. Kxf2 cxb5 11. Bxb5+ Kf8 12. Qd3 Be6 13. Ba4 Bb6 14. Bb3 Rc8
15. Rad1 h6 16. c3 Rc7 17. Bxd5 Bxd5 18. Qxd5 Qxd5 19. Rxd5 Ke7 20. Rhd1 Re8 21.
Nh4 g6 22. Nf3 f6 23. exf6+ Kxf6 24. R1d3 Rce7 25. Nd4 h5 26. Nc2 Rf7 27. Ke2
Ref8 28. Rd7 g5 29. Rxf7+ Rxf7 30. Nb4 Ke5 31. Rd5+ Kf6 32. Nd3 Re7 33. Nc5 Rc7
34. Ne4+ Ke6 35. Rxg5 Rh7 36. h4 Bd8 37. Rb5 Bxh4 38. Rxb7 Rxb7 39. Nc5+ Kf5 40.
Nxb7 Kg4 41. Kf1 Bg5 42. Kf2 Bh4+ 43. Ke2 Kg3 44. Kf1 Kh2 45. c4 Bg5 46. e4 Bf4
47. Nd8 a5 48. Ne6 Be5 49. b3 Kg3 50. c5 h4 51. c6 1-0

[Event "AUTO-ADV-3896"]
[Site "http://www.queenalice.com/game.php?id=1518986"]
[Date "2018.3.9"]
[Round "2"]
[White "yclaudiu35"]
[Black "Santista38"]
[Result "1-0"]
[WhiteElo "1981"]
[BlackElo "1937"]

1. e4 e5 2. Nf3 d6 3. Nc3 Nf6 4. Bc4 Bg4 5. h3 Bxf3 6. Qxf3 Nc6 7. d3 Nd4 8. Qd1
Be7 9. Be3 O-O 10. Bxd4 exd4 11. Nd5 c5 12. c3 dxc3 13. Nxc3 a6 14. O-O b5 15.
Bb3 b4 16. Nd5 Nxd5 17. Bxd5 Bf6 18. Bxa8 Qxa8 19. Qe2 Re8 20. f4 Bd4+ 21. Kh2
a5 22. Rab1 Qc6 23. b3 a4 24. Rbc1 a3 25. Qe1 Qb5 26. Qg3 Qd7 27. Rf3 Qe6 28.
Rcf1 Qf6 29. Qg5 Qxg5 30. fxg5 Re7 31. g4 g6 32. h4 Be5+ 33. Kh3 Kg7 34. h5 Bd4
35. Kg2 Be5 36. Rf6 Kg8 37. R6f3 Bc3 38. Rf4 Bd2 39. Rf6 Bxg5 40. Rxd6 Be3 41.
Rf3 Bd4 42. h6 Rc7 43. Rd8# 1-0

[Event "AUTO-ADV-3896"]
[Site "http://www.queenalice.com/game.php?id=1518987"]
[Date "2018.3.9"]
[Round "2"]
[White "ernestodn"]
[Black "yclaudiu35"]
[Result "0-1"]
[WhiteElo "1901"]
[BlackElo "2013"]

1. e4 e5 2. Nf3 Nc6 3. Bb5 Qf6 4. d3 Bc5 5. O-O h6 6. Bxc6 dxc6 7. Nc3 Bg4 8.
Qe2 Ne7 9. Be3 Bxf3 10. Qxf3 Qxf3 11. gxf3 Bd6 12. Ne2 f5 13. exf5 Nxf5 14. Ng3
g6 15. Rae1 Nh4 16. Kh1 Nxf3 17. Re2 O-O-O 18. Bc1 Rdf8 19. c3 h5 20. Ne4 Rhg8
21. Ng5 Rf5 22. Nxf3 Rxf3 23. Re3 Rf5 24. Re4 Rf3 25. d4 exd4 26. Rxd4 g5 27.
Re4 Rh3 28. f4 Rh4 29. a3 Rf8 30. b4 gxf4 31. c4 b6 32. Bd2 Rg4 33. a4 f3 34.
Rxg4 hxg4 35. a5 Rh8 36. Rf2 g3 0-1

[Event "AUTO-ADV-3896"]
[Site "http://www.queenalice.com/game.php?id=1518988"]
[Date "2018.3.9"]
[Round "2"]
[White "yclaudiu35"]
[Black "ernestodn"]
[Result "1-0"]
[WhiteElo "1999"]
[BlackElo "1937"]

1. e4 e6 2. d4 d5 3. e5 c5 4. Bb5+ Bd7 5. Bxd7+ Nxd7 6. c3 Ne7 7. Nf3 Nf5 8. Qb3
Rb8 9. g4 Ne7 10. Bf4 Nc6 11. Nbd2 Be7 12. O-O O-O 13. h3 g6 14. Bh6 Re8 15. Nh2
Bg5 16. Bxg5 Qxg5 17. f4 Qh6 18. Kg2 cxd4 19. Ndf3 Qxf4 20. Nxd4 Qxe5 21. Nhf3
Qg7 22. Rad1 Nxd4 23. cxd4 b5 24. Qe3 a5 25. Rf2 b4 26. Rc2 Rbc8 27. Rf2 f6 28.
Re2 Nb6 29. b3 Rc3 30. Rd3 Rxd3 31. Qxd3 a4 32. Qb5 Qa7 33. Qxe8+ 1-0

[Event "AUTO-OPEN-3822"]
[Site "http://www.queenalice.com/game.php?id=1520207"]
[Date "2018.3.19"]
[Round "2"]
[White "chessman"]
[Black "yclaudiu35"]
[Result "0-1"]
[WhiteElo "1851"]
[BlackElo "1976"]

1. e4 e5 2. Nf3 Qf6 3. Bc4 h6 4. O-O Bc5 5. d3 d6 6. c3 Bg4 7. Be3 Bxf3 8. Qxf3
Qxf3 9. gxf3 Nd7 10. Nd2 g5 11. d4 exd4 12. cxd4 Bb6 13. Nb3 Ngf6 14. Rad1 c5
15. e5 dxe5 16. dxe5 Nxe5 17. Be2 Rc8 18. Bb5+ Kf8 19. Be2 Ke7 20. Rd2 Nfd7 21.
f4 gxf4 22. Bxf4 f6 23. Bb5 Nf3+ 24. Kh1 Nxd2 25. Nxd2 Ne5 26. Bxe5 fxe5 27. Re1
Kf6 28. Ne4+ Ke6 29. f4 exf4 30. Nxc5+ Kf5 31. Bd7+ Kf6 32. Bxc8 Rxc8 33. Nd7+
Kg5 34. Nxb6 axb6 35. Re2 f3 36. Re1 Rc2 37. Rf1 Kf4 0-1

[Event "AUTO-OPEN-3822"]
[Site "http://www.queenalice.com/game.php?id=1520208"]
[Date "2018.3.19"]
[Round "2"]
[White "yclaudiu35"]
[Black "chessman"]
[Result "1-0"]
[WhiteElo "1987"]
[BlackElo "1884"]

1. e4 e6 2. Bc4 d5 3. exd5 exd5 4. Bb3 Nf6 5. d4 c6 6. h3 Be7 7. Ne2 O-O 8. O-O
Re8 9. c3 Nbd7 10. Bf4 Nf8 11. Nd2 Be6 12. Be5 N6d7 13. Bh2 h6 14. Nf3 Nf6 15.
Nf4 Ne4 16. Nxe6 Nxe6 17. Bc2 Bd6 18. Bxe4 Bxh2+ 19. Kxh2 dxe4 20. Nd2 Nf4 21.
Re1 Nd3 22. Nxe4 Nxb2 23. Qc2 Nc4 24. Qb3 Rxe4 25. Qxc4 Qd6+ 26. g3 Rae8 27.
Rxe4 Rxe4 28. Qd3 Qe7 29. a4 Re2 30. Kg2 Qe4+ 31. Qxe4 Rxe4 32. Kf3 Re7 33. Rb1
Kf8 34. c4 Ke8 35. Kf4 Kd7 36. Rxb7+ Kd8 37. Rb2 Kc7 38. c5 g6 39. h4 f6 40. f3
Rd7 41. Rd2 Kb7 42. Ke4 Re7+ 43. Kf4 Ka6 44. d5 cxd5 45. Rxd5 Re6 46. Rd6+ Rxd6
47. cxd6 Kb6 48. h5 g5+ 49. Kf5 Kc6 50. Ke6 f5 51. d7 1-0

[Event "AUTO-OPEN-3822"]
[Site "http://www.queenalice.com/game.php?id=1531724"]
[Date "2018.6.18"]
[Round "3"]
[White "jacconsultoria"]
[Black "yclaudiu35"]
[Result "1-0"]
[WhiteElo "2705"]
[BlackElo "2025"]

1. c4 e5 2. Nc3 Nf6 3. g3 Nc6 4. Bg2 Bc5 5. e3 O-O 6. Nge2 Bb6 7. O-O d6 8. b3
Bf5 9. d4 exd4 10. Nxd4 Ba5 11. Bb2 Nxd4 12. Qxd4 1-0

[Event "AUTO-OPEN-3822"]
[Site "http://www.queenalice.com/game.php?id=1531725"]
[Date "2018.6.18"]
[Round "3"]
[White "yclaudiu35"]
[Black "jacconsultoria"]
[Result "0-1"]
[WhiteElo "2023"]
[BlackElo "2706"]

1. e4 c5 2. Nf3 g6 3. c3 d5 4. e5 Nc6 5. d4 Bg7 6. Bb5 cxd4 7. Bxc6+ bxc6 8.
cxd4 Nh6 9. O-O O-O 10. Be3 Nf5 0-1